000 01411cam a22003977a 4500
003 CHAP
005 20220329133427.0
008 971013s1992 r 00010 d
010 _a6268
011 _a7240
035 _a6463
040 _cCHAP
090 _aTesis
100 0 0 _aSantos Rico, Juan Carlos.
_9102526
245 1 3 _aLa fertilización foliar con macronutrimentos y sustancias húmicas en sorgo (Sorghum bicolor L. Moench.), como complemento a la edáfica
260 _aChapingo, Méx. :
_bEl autor,
_c1992
300 _a83 h.
_b: ilus.
502 _aTesis (Ing. Agr. Esp. en Suelos) -- UACH. Departamento de Suelos
590 _aALEPH
_b10
_c20130110
_lUCH01
_h1217
590 _aBATCH-UPD
_b10
_c20130110
_lUCH01
_h0011
590 _aBATCH-UPD
_b10
_c20130110
_lUCH01
_h1057
590 _aBATCH-UPD
_b10
_c20130409
_lUCH01
_h1948
590 _aBATCH-UPD
_b10
_c20130410
_lUCH01
_h0651
590 _aBATCH-UPD
_b10
_c20130914
_lUCH01
_h1359
590 _aCONVERSION
_b10
_c20130109
_lUCH01
_h1305
650 1 4 _aFertilización foliar.
_940445
650 1 4 _aFertilizantes
_xEfecto en sorgo.
_940551
650 1 4 _aHumus.
_956902
650 1 4 _aNitrógeno
_xEfecto en sorgo.
_981461
650 1 4 _aPotasio
_xEfecto en sorgo.
_991113
650 1 4 _aSorgo
_xRendimiento.
_9108714
700 0 _aAmador Camacho, Silverio.
_95070
901 _aBK
942 _cTESIS
949 _bBC
_cTES
_d-16064
_eTS1
_h25033
_i6463
_si
999 _c6268
_d6268